| 000 | 00355nam a22001577a 4500 | ||
|---|---|---|---|
| 005 | 20180813114153.0 | ||
| 008 | 160624b xxu||||| |||| 00| 0 eng d | ||
| 041 | _aeng | ||
| 082 |
_b9925 _a658 |
||
| 100 |
_aGupta, Dr. S.K. _94777 |
||
| 245 | _aPersonnel Management | ||
| 260 |
_bUPM _c2009 |
||
| 300 | _a448p, | ||
| 650 |
_aManagement _9241 |
||
| 942 | _cBK | ||
| 999 |
_c3869 _d3868 |
||